00217nam a2200073Ia 4500008004100000082000800041100001300049245008100062240331s9999 xx 000 0 und d bGOM aGomez, S 0aFrom rights and shame to remedies and change :bgender violence in Sri Lanka